000 00650nam a22002177a 4500
005 20251108174616.0
008 250721s1968 xx 000 0 ara d
082 1 4 _a943.1/حقا
245 1 0 _aحقائق عن ألمانيا /
250 _aط4
264 1 _aالمانيا :
_bإدارة الصحافة والاعلام في حكومة المانيا الاتحادية،
_c1968.
300 _a96ص.
650 1 7 _aالمانيا
650 1 7 _aالسياسه
650 1 7 _aالاقتصاد
650 1 7 _aالحياه الاجتماعيه
650 1 7 _aالتعليم
650 1 7 _aالثقافه
942 _2ddc
_cBK
999 _c113488
_d113488